| 000 | 00569nam a2200181 i 4500 | ||
|---|---|---|---|
| 001 | 78197 | ||
| 003 | ES-MaACL | ||
| 005 | 20230906173604.0 | ||
| 007 | t| | ||
| 008 | 041013s1923 fr ||||1| fre d | ||
| 100 | 1 |
_aHartmann, Henri. _961988 |
|
| 245 | 1 | 0 |
_aChirurgie des voies bilíaires / _cpar Henri Hartmann ; avec la collaboration de Boppe... [et al.]. |
| 260 |
_aParis : _b[s.n., _c1923] ( _eTours : _fE. Arrault et Cie) |
||
| 300 |
_a356 p. ; _c29 cm. |
||
| 650 | 4 |
_aVías biliares- _xCirugía. _9157094 |
|
| 700 | 1 |
_aBoppe. _930336 |
|
| 852 |
_aES-MaACL _jB-11156 |
||
| 999 |
_c78197 _d78197 |
||